000 00856cab a2200217 4500
001 WB3512-03
008 090401t1999 xxu||||| |||| 00| 0 eng d
035 _a(Sirsi) u92384
041 _aeng
245 _aPartnering brings peace
260 _c1999
350 _a0
490 _aContract Journal
_v398(6218) 24 March 1999, 8(1)
520 _aIndustry sources agree that partnering has made an impact in reducing the number of contractual disputes, however some argue that the reduction in arbitration cases may also be due to the current healthy condition of the industry.
650 _aMANAGEMENT-DISPUTE AVOIDANCE, MANAGEMENT AND RESOLUTION-DISPUTE MANAGEMENT AND RESOLUTION-ARBITRATION
650 _aCONTRACTUAL DISPUTES
650 _aPARTNERING
690 _aBUILT ENVIRONMENT-BUILDING CONTRACT FORMS
942 _n0
948 _c25/03/1999
999 _c58573
_d58573